[Event "Dortmund FSV op"]
[Site "Dortmund"]
[Date "2006.04.25"]
[Round "9"]
[White "Skalweit, Wolfgang"]
[Black "Hast, Stefan"]
[Result "1-0"]
[WhiteElo "1315"]
[BlackElo "1169"]
[PlyCount "45"]
[EventDate "2006.01.19"]
[EventType "swiss"]
[EventRounds "9"]
[EventCountry "GER"]
[SourceTitle "EXT 2007"]
[Source "ChessBase"]
[SourceDate "2006.11.23"]
[SourceVersion "1"]
[SourceVersionDate "2006.11.23"]
[SourceQuality "1"]

1. f4 d5 2. Nf3 Bg4 3. e3 Qd6 4. Be2 Nd7 5. b3 f6 6. Bb2 0-0-0 7. Nc3 Re8 8. Nb5 Qb6 9. Bd4 c5 10. Bb2 Bxf3 11. gxf3 e5 12. fxe5 Nxe5 13. f4 Nc6 14. a4 a6 15. Nc3 d4 16. Nd5 Qd8 17. Bg4+ Kb8 18. Qf3 Nh6 19. Bh3 g5 20. fxg5 fxg5 21. Bg2 Bd6 22. 0-0-0 Rhf8 23. Qh3 1-0

[Event "Dortmund op"]
[Site "Dortmund"]
[Date "2006.03.20"]
[Round "7.33"]
[White "Boetzel, Sascha"]
[Black "Hast, Stefan"]
[Result "1-0"]
[WhiteElo "1300"]
[BlackElo "1169"]
[PlyCount "35"]
[EventDate "2006.03.06"]
[EventType "swiss"]
[EventRounds "9"]
[EventCountry "GER"]
[SourceTitle "CBM 111 Extra"]
[Source "ChessBase"]
[SourceDate "2006.05.09"]
[SourceVersion "1"]
[SourceVersionDate "2006.05.09"]
[SourceQuality "1"]

1. d4 Nf6 2. c4 d6 3. Nf3 g6 4. g3 b6 5. Nc3 Bb7 6. Bg2 Bg7 7. 0-0 0-0 8. Re1 c5 9. d5 e6 10. e4 Nbd7 11. dxe6 Nb8 12. exf7+ Rxf7 13. Ng5 Re7 14. Nd5 Nxd5 15. exd5 Rxe1+ 16. Qxe1 Bc8 17. Rb1 Nd7 18. Qe6+ 1-0

[Event "Dortmund op"]
[Site "Dortmund"]
[Date "2006.03.07"]
[Round "2.31"]
[White "Schroeder, Marcel"]
[Black "Hast, Stefan"]
[Result "1-0"]
[WhiteElo "1452"]
[BlackElo "1169"]
[PlyCount "53"]
[EventDate "2006.03.06"]
[EventType "swiss"]
[EventRounds "9"]
[EventCountry "GER"]
[SourceTitle "CBM 111 Extra"]
[Source "ChessBase"]
[SourceDate "2006.05.09"]
[SourceVersion "1"]
[SourceVersionDate "2006.05.09"]
[SourceQuality "1"]

1. e4 e5 2. Nf3 Nc6 3. d4 exd4 4. Nxd4 Nxd4 5. Qxd4 c5 6. Qd1 g6 7. Bc4 Bg7 8. c3 Qe7 9. 0-0 Nh6 10. Bf4 0-0 11. Bd6 Qxe4 12. Bxf8 Kxf8 13. Qd6+ Qe7 14. Qxe7+ Kxe7 15. Nd2 f5 16. Nb3 b6 17. Rfe1+ Kf8 18. Bd5 Rb8 19. h3 Bb7 20. Bxb7 Rxb7 21. Rad1 Ng8 22. a4 Nf6 23. a5 bxa5 24. Nxc5 Rxb2 25. Nxd7+ Nxd7 26. Rxd7 Bxc3 27. Rc1 1-0

[Event "Dortmund ABC Serie C-24"]
[Site "Dortmund"]
[Date "2005.11.11"]
[Round "7"]
[White "Hast, Stefan"]
[Black "Thiemig, Rolf"]
[Result "0-1"]
[WhiteElo "1092"]
[BlackElo "1215"]
[PlyCount "98"]
[EventDate "2005.10.12"]
[EventType "tourn"]
[EventRounds "9"]
[EventCountry "GER"]
[SourceTitle "EXT 2007"]
[Source "ChessBase"]
[SourceDate "2006.11.23"]
[SourceVersion "1"]
[SourceVersionDate "2006.11.23"]
[SourceQuality "1"]

1. e4 e5 2. Nf3 Nc6 3. Bc4 Be7 4. Nc3 Nf6 5. 0-0 0-0 6. d3 d6 7. Nd5 Na5 8. Nxe7+ Qxe7 9. Bb3 Nxb3 10. axb3 b6 11. Bg5 h6 12. Bxf6 Qxf6 13. h3 Bb7 14. c4 g5 15. Nd2 a5 16. Qg4 Bc8 17. Qg3 Qg6 18. b4 f5 19. h4 f4 20. Qh2 g4 21. g3 Qh5 22. bxa5 Rxa5 23. Nb3 Rxa1 24. Rxa1 fxg3 25. fxg3 Rf3 26. Nc1 Qf7 27. Qg2 Bb7 28. Ra3 Kg7 29. Na2 h5 30. Nb4 c6 31. Nc2 d5 32. Ne1 Re3 33. Nc2 Rf3 34. Ne1 Rf6 35. Ra7 dxc4 36. dxc4 Kg6 37. Nd3 Qe7 38. b4 Rf3 39. Rxb7 Qxb7 40. Nxe5+ Kg7 41. Nxf3 gxf3 42. Qxf3 Qd7 43. Kf2 Qd4+ 44. Qe3 Qb2+ 45. Ke1 Qb1+ 46. Kd2 Qb2+ 47. Kd3 Qb3+ 48. Kd4 c5+ 49. Kd5 Qxe3 0-1

[Event "Dortmund ABC Serie C-24"]
[Site "Dortmund"]
[Date "2005.10.21"]
[Round "3"]
[White "Dedeck, Silvia"]
[Black "Hast, Stefan"]
[Result "0-1"]
[WhiteElo "969"]
[BlackElo "1092"]
[PlyCount "22"]
[EventDate "2005.10.12"]
[EventType "tourn"]
[EventRounds "9"]
[EventCountry "GER"]
[SourceTitle "EXT 2007"]
[Source "ChessBase"]
[SourceDate "2006.11.23"]
[SourceVersion "1"]
[SourceVersionDate "2006.11.23"]
[SourceQuality "1"]

1. e4 e5 2. Nf3 Nc6 3. Bc4 Bc5 4. Nc3 d6 5. 0-0 Bg4 6. d3 Nd4 7. Be3 c6 8. h3 Nxf3+ 9. gxf3 Bxh3 10. Re1 Bxe3 11. Rxe3 Qg5+ 0-1

[Event "Dortmund ABC Serie Anfaenger-23"]
[Site "Dortmund"]
[Date "2005.06.08"]
[Round "12"]
[White "Wilke, Thomas"]
[Black "Hast, Stefan"]
[Result "1-0"]
[WhiteElo "846"]
[BlackElo "1123"]
[PlyCount "39"]
[EventDate "2005.04.13"]
[EventType "tourn"]
[EventRounds "13"]
[EventCountry "GER"]
[SourceTitle "EXT 2007"]
[Source "ChessBase"]
[SourceDate "2006.11.23"]
[SourceVersion "1"]
[SourceVersionDate "2006.11.23"]
[SourceQuality "1"]

1. d4 Nf6 2. Nf3 d6 3. c4 Bf5 4. Qb3 Qc8 5. Nc3 g6 6. Bg5 Bg7 7. e3 e6 8. h3 h6 9. Bxf6 Bxf6 10. e4 Bxe4 11. Nxe4 Bg7 12. Be2 b6 13. 0-0 Qb7 14. Bd3 Nc6 15. d5 exd5 16. cxd5 Ne7 17. Qa4+ Kd8 18. Nc3 Nxd5 19. Nxd5 Qxd5 20. Be4 1-0

[Event "Dortmund ABC Serie Anfaenger-23"]
[Site "Dortmund"]
[Date "2005.05.27"]
[Round "10"]
[White "Ickler, Uwe"]
[Black "Hast, Stefan"]
[Result "1-0"]
[WhiteElo "1245"]
[BlackElo "1123"]
[PlyCount "25"]
[EventDate "2005.04.13"]
[EventType "tourn"]
[EventRounds "13"]
[EventCountry "GER"]
[SourceTitle "EXT 2007"]
[Source "ChessBase"]
[SourceDate "2006.11.23"]
[SourceVersion "1"]
[SourceVersionDate "2006.11.23"]
[SourceQuality "1"]

1. c4 e5 2. Nc3 Bc5 3. Nf3 Nc6 4. g3 a6 5. Bg2 Rb8 6. a4 Bb4 7. Nd5 b5 8. Nxb4 Nxb4 9. Nxe5 d6 10. Bc6+ Nxc6 11. Nxc6 Bb7 12. Nxd8 Bxh1 13. f3 1-0

[Event "Dortmund ABC Serie Anfaenger-23"]
[Site "Dortmund"]
[Date "2005.04.16"]
[Round "2"]
[White "Hast, Stefan"]
[Black "Dedeck, Silvia"]
[Result "1-0"]
[WhiteElo "1123"]
[BlackElo "1008"]
[PlyCount "45"]
[EventDate "2005.04.13"]
[EventType "tourn"]
[EventRounds "13"]
[EventCountry "GER"]
[SourceTitle "EXT 2007"]
[Source "ChessBase"]
[SourceDate "2006.11.23"]
[SourceVersion "1"]
[SourceVersionDate "2006.11.23"]
[SourceQuality "1"]

1. e4 e5 2. Nf3 Nc6 3. Bc4 Nd4 4. Nxd4 exd4 5. 0-0 Ne7 6. Qf3 d6 7. Qxf7+ Kd7 8. d3 c6 9. Bg5 b5 10. Bb3 Bb7 11. Re1 h6 12. Bh4 Qe8 13. Qe6+ Kc7 14. Bg3 Rd8 15. Qg4 Bc8 16. Qf4 Ng6 17. Qd2 Be6 18. Bxe6 Qxe6 19. Qa5+ Kc8 20. Qxa7 c5 21. Qa6+ Kc7 22. Qa5+ Kc6 23. Qxd8 1-0

[Event "Dortmund-ch"]
[Site "Dortmund"]
[Date "2005.03.01"]
[Round "2"]
[White "Martini, Heiko"]
[Black "Hast, Stefan"]
[Result "1-0"]
[WhiteElo "1481"]
[BlackElo "1131"]
[PlyCount "23"]
[EventDate "2005.02.28"]
[EventType "swiss"]
[EventRounds "9"]
[EventCountry "GER"]
[SourceTitle "CBM 105 Extra"]
[Source "ChessBase"]
[SourceDate "2005.05.01"]
[SourceVersion "1"]
[SourceVersionDate "2005.05.01"]
[SourceQuality "1"]

1. d4 Nf6 2. Nf3 d5 3. c4 c6 4. Nc3 Bf5 5. Bg5 Nbd7 6. cxd5 cxd5 7. Qa4 e6 8. Ne5 Be7 9. e3 0-0 10. Bxf6 Nb6 11. Bxe7 Qxe7 12. Qb3 1-0

[Event "Dortmund ABC Serie Anfaenger-21"]
[Site "Dortmund"]
[Date "2004.06.16"]
[Round "12"]
[White "Hast, Stefan"]
[Black "Schettke, Markus"]
[Result "0-1"]
[WhiteElo "1097"]
[BlackElo "1096"]
[PlyCount "66"]
[EventDate "2004.04.21"]
[EventType "tourn"]
[EventRounds "13"]
[EventCountry "GER"]
[SourceTitle "EXT 2006"]
[Source "ChessBase"]
[SourceDate "2005.11.24"]
[SourceVersion "1"]
[SourceVersionDate "2005.11.24"]
[SourceQuality "1"]

1. e4 c5 2. f4 Nc6 3. Nf3 d6 4. Bc4 Bg4 5. c3 Nf6 6. d3 d5 7. Bb3 dxe4 8. dxe4 Qxd1+ 9. Bxd1 Nxe4 10. Nbd2 Nf6 11. Nc4 Nd7 12. 0-0 Rd8 13. Be3 b5 14. Nce5 Ncxe5 15. Nxe5 Nxe5 16. fxe5 Bxd1 17. Raxd1 Rc8 18. Rd2 a6 19. Rdf2 f6 20. exf6 exf6 21. Re1 Kf7 22. g4 c4 23. g5 Bc5 24. Bxc5 Rxc5 25. Kf1 Rxg5 26. Rfe2 Kg6 27. b4 Rf8 28. Re6 Ra8 29. Re7 a5 30. R1e2 axb4 31. cxb4 Ra4 32. Rb2 Rf5+ 33. Ke1 Re5+ 0-1

[Event "Dortmund ABC Serie Anfaenger-21"]
[Site "Dortmund"]
[Date "2004.06.13"]
[Round "13"]
[White "Collisy, Klaus Dieter"]
[Black "Hast, Stefan"]
[Result "0-1"]
[WhiteElo "1175"]
[BlackElo "1097"]
[PlyCount "70"]
[EventDate "2004.04.21"]
[EventType "tourn"]
[EventRounds "13"]
[EventCountry "GER"]
[SourceTitle "EXT 2006"]
[Source "ChessBase"]
[SourceDate "2005.11.24"]
[SourceVersion "1"]
[SourceVersionDate "2005.11.24"]
[SourceQuality "1"]

1. e4 e5 2. Nf3 Nc6 3. Bc4 Bc5 4. Nc3 Nf6 5. d3 0-0 6. h3 h6 7. 0-0 b6 8. a3 Bb7 9. Be3 Bxe3 10. fxe3 Re8 11. Nd5 Na5 12. Nxf6+ Qxf6 13. Nh2 Qe7 14. Rxf7 Qc5 15. Ba2 d5 16. Rd7 Rad8 17. Rxd8 Qxe3+ 18. Kh1 Rxd8 19. b4 Kh7 20. bxa5 dxe4 21. Qe1 Qd4 22. Ng4 exd3 23. cxd3 e4 24. Qe3 Qxa1+ 25. Kh2 Qxa2 26. dxe4 Rd2 27. Qf3 Re2 28. Qf5+ Kh8 29. Qf8+ Qg8 30. Qf1 Rxe4 31. Qa1 Qb8 32. Nxh6 c5+ 33. Kg1 Kh7 34. Nf5 Qe5 35. Qb1 Re1+ 0-1

[Event "Dortmund ABC Serie Anfaenger-21"]
[Site "Dortmund"]
[Date "2004.06.04"]
[Round "10"]
[White "Hast, Stefan"]
[Black "Rimm, Marco"]
[Result "0-1"]
[WhiteElo "1097"]
[BlackElo "1199"]
[PlyCount "38"]
[EventDate "2004.04.21"]
[EventType "tourn"]
[EventRounds "13"]
[EventCountry "GER"]
[SourceTitle "EXT 2006"]
[Source "ChessBase"]
[SourceDate "2005.11.24"]
[SourceVersion "1"]
[SourceVersionDate "2005.11.24"]
[SourceQuality "1"]

1. e4 e5 2. d4 d6 3. dxe5 Nc6 4. exd6 Bxd6 5. Bc4 Nf6 6. Nc3 0-0 7. f4 Nxe4 8. Nge2 Nxc3 9. bxc3 Qh4+ 10. Ng3 Bxf4 11. Bxf4 Qxf4 12. Qe2 Ne5 13. Rf1 Qxc4 14. Qxe5 f6 15. Rf4 Qc6 16. Qd4 Re8+ 17. Re4 Rxe4+ 18. Nxe4 Bg4 19. Nxf6+ Qxf6 0-1